| 000 | 00977nam a2200313Ia 4500 | ||
|---|---|---|---|
| 001 | dia_5869 | ||
| 003 | CHAP | ||
| 005 | 20251021160657.0 | ||
| 008 | 220117s2014 xx 000 0 und d | ||
| 010 | _a177013 | ||
| 020 | _a978-607-707-741-1 | ||
| 040 | _cCHAP | ||
| 082 | _a620.00420285 M36 2014 | ||
| 110 |
_aMEDIAactive _9124449 |
||
| 245 |
_aAutoCAD 2014 con 100 ejercicios prácticos / _c MEDIAactive |
||
| 260 |
_aMéxico : _b Alfaomega :, _b Marcombo, _c2014 |
||
| 300 | _a213 p. | ||
| 440 |
_aAprender...con 100 ejercicios prácticos _9159940 |
||
| 590 | _aT385 M36 2014 | ||
| 650 |
_aAutoCAD _9159941 |
||
| 650 |
_aAutoCAD (Programa de computadora) _9159942 |
||
| 650 |
_aComputer _xaided design _9147301 |
||
| 650 |
_aDiseño asistido por computador _9147302 |
||
| 710 |
_aMEDIAactive _9124449 |
||
| 901 | _a620.00420285 M36 2014 | ||
| 902 | _aM | ||
| 905 | _a5232272014 mx a 8222223322spa16 | ||
| 942 |
_cLIBRO _2ddc |
||
| 999 |
_c177013 _d177013 |
||